[Event "ESP-ch U14 Rapid"]
[Site "Salobrena"]
[Date "2022.07.23"]
[Round "3"]
[White "Arce Gonzalez, Dario"]
[Black "Mena Lorente, Luis"]
[Result "1-0"]
[WhiteElo "1678"]
[BlackElo "1358"]
[PlyCount "49"]
[EventDate "2022.07.23"]
[EventType "swiss (rapid)"]
[EventRounds "9"]
[EventCountry "ESP"]
[SourceTitle "EXT 2023"]
[Source "ChessBase"]
[SourceDate "2022.10.05"]
[SourceVersion "1"]
[SourceVersionDate "2022.10.05"]
[SourceQuality "1"]

1. d4 Nf6 2. c4 e6 3. Nf3 b6 4. g3 d5 5. Bg2 Bb7 6. Ne5 Nbd7 7. Bf4 Bd6 8. 0-0 Nh5 9. Nc3 Nxf4 10. gxf4 Bxe5 11. fxe5 Nf8 12. e3 Ng6 13. cxd5 exd5 14. Rc1 Nh4 15. Qg4 Bc8 16. Qxg7 Ng6 17. Bxd5 Qg5+ 18. Kh1 Rf8 19. Bxa8 Qh4 20. Qf6 Qh5 21. Bc6+ Bd7 22. Bxd7+ Kxd7 23. Nd5 c5 24. Qd6+ Ke8 25. Nc7# 1-0

[Event "ESP-ch U14"]
[Site "Salobrena"]
[Date "2022.07.22"]
[Round "8"]
[White "Gomez Aguirre, Juan Alberto"]
[Black "Mena Lorente, Luis"]
[Result "1/2-1/2"]
[WhiteElo "2169"]
[BlackElo "1627"]
[PlyCount "85"]
[EventDate "2022.07.18"]
[EventType "swiss"]
[EventRounds "9"]
[EventCountry "ESP"]
[SourceTitle "EXT 2023"]
[Source "ChessBase"]
[SourceDate "2022.10.05"]
[SourceVersion "1"]
[SourceVersionDate "2022.10.05"]
[SourceQuality "1"]

1. d4 Nf6 2. c4 e6 3. Nc3 Bb4 4. Qc2 Nc6 5. Nf3 d6 6. Bd2 0-0 7. a3 Bxc3 8. Bxc3 Re8 9. e3 e5 10. Be2 Bg4 11. dxe5 dxe5 12. 0-0 Qe7 13. b4 Qe6 14. b5 Bxf3 15. Bxf3 e4 16. Be2 Ne5 17. Rad1 Rad8 18. Rxd8 Rxd8 19. Rd1 Rxd1+ 20. Qxd1 Ned7 21. h3 h6 22. Qd4 b6 23. Bb4 Qe5 24. c5 Qxd4 25. exd4 Nd5 26. c6 N7f6 27. Bd2 Ne8 28. Bc4 Nef6 29. g4 Ne7 30. Kg2 Nfd5 31. f3 e3 32. Be1 Nf4+ 33. Kg3 g5 34. Bc3 Ned5 35. Bb2 Kf8 36. Bc1 Ke8 37. Kh2 e2 38. Bd2 Ne3 39. Bxe2 Nxg4+ 40. fxg4 Nxe2 41. d5 Nd4 42. Bc3 Nxb5 43. Bb2 1/2-1/2

[Event "ESP-ch U14"]
[Site "Salobrena"]
[Date "2021.07.14"]
[Round "4"]
[White "Calvo Gonzalez, Jose Felix"]
[Black "Mena Lorente, Luis"]
[Result "1-0"]
[WhiteElo "1914"]
[BlackElo "1635"]
[PlyCount "61"]
[EventDate "2021.07.12"]
[EventType "swiss"]
[EventRounds "9"]
[EventCountry "ESP"]
[SourceTitle "EXT 2022"]
[Source "ChessBase"]
[SourceDate "2021.10.06"]
[SourceVersion "1"]
[SourceVersionDate "2021.10.06"]
[SourceQuality "1"]

1. e4 c5 2. Nf3 g6 3. d4 cxd4 4. Nxd4 Nc6 5. c4 Bg7 6. Be3 Nh6 7. Nc3 f5 8. exf5 Nxd4 9. Bxd4 Nxf5 10. Bxg7 Nxg7 11. Bd3 0-0 12. Qc2 d6 13. 0-0-0 Bf5 14. h4 Rc8 15. Kb1 Bxd3 16. Rxd3 Rf4 17. b3 e6 18. g3 Rf7 19. Rhd1 Qb6 20. Rxd6 Qxf2 21. Rd8+ Rxd8 22. Rxd8+ Ne8 23. Rxe8+ Kg7 24. Qxf2 Rxf2 25. Rxe6 Rf6 26. Rxf6 Kxf6 27. Kc2 Kf5 28. Kd3 Kg4 29. Ne4 Kf3 30. b4 h5 31. c5 1-0

[Event "ESP-ch U12"]
[Site "Salobrena"]
[Date "2020.07.31"]
[Round "8"]
[White "Carrasco Gomez, Adahara"]
[Black "Mena Lorente, Luis"]
[Result "0-1"]
[WhiteElo "1590"]
[BlackElo "1430"]
[PlyCount "78"]
[EventDate "2020.07.27"]
[EventType "swiss"]
[EventRounds "9"]
[EventCountry "ESP"]
[SourceTitle "EXT 2021"]
[Source "ChessBase"]
[SourceDate "2020.10.23"]
[SourceVersion "1"]
[SourceVersionDate "2020.10.23"]
[SourceQuality "1"]

1. e4 e6 2. d4 d5 3. Nc3 dxe4 4. Nxe4 Bd7 5. Nf3 Bc6 6. Bd3 Nd7 7. 0-0 Ngf6 8. Nc3 Bxf3 9. Qxf3 c6 10. Nd1 Bd6 11. Ne3 0-0 12. Nc4 Bc7 13. Re1 Nb6 14. Nxb6 Bxb6 15. c3 Bc7 16. Bg5 Bd6 17. Bxf6 Qxf6 18. Qxf6 gxf6 19. Re3 Kh8 20. Rh3 f5 21. Kh1 Rg8 22. Rg1 Rg7 23. Bc2 Rd8 24. Re1 Bc7 25. Bd3 Rdg8 26. Rg1 Rd8 27. Re1 Rd7 28. Re2 Rg8 29. Re1 Rgd8 30. Ree3 c5 31. dxc5 e5 32. g4 e4 33. Bc2 Rd2 34. Bb3 fxg4 35. Rh4 f5 36. Rh5 Rxf2 37. Kg1 Rdd2 38. Rg5 Bxh2+ 39. Kh1 Rf1# 0-1

[Event "Gibraltar U12 op"]
[Site "Caleta"]
[Date "2019.08.19"]
[Round "6"]
[White "Mena Lorente, Luis"]
[Black "Stewart, Hari"]
[Result "0-1"]
[WhiteElo "1483"]
[BlackElo "1326"]
[PlyCount "166"]
[EventDate "2019.08.16"]
[EventType "swiss"]
[EventRounds "6"]
[EventCountry "GGB"]
[SourceTitle "CBM 195 Extra"]
[Source "ChessBase"]
[SourceDate "2020.05.31"]
[SourceVersion "1"]
[SourceVersionDate "2020.05.31"]
[SourceQuality "1"]

1. Nf3 Nf6 2. b3 g6 3. Bb2 Bg7 4. e3 0-0 5. c4 d6 6. Be2 e5 7. Nc3 Nc6 8. d3 Re8 9. Qc2 d5 10. cxd5 Nxd5 11. 0-0 Ncb4 12. Qd2 Nxc3 13. Qxc3 Nd5 14. Qc2 c6 15. a3 f6 16. Rfd1 Be6 17. d4 e4 18. Nd2 f5 19. Nc4 Nb6 20. Nxb6 Qxb6 21. Bc4 Bd5 22. b4 Rac8 23. Qb3 Red8 24. Rac1 Bxc4 25. Rxc4 Rd5 26. Rdc1 Rcd8 27. a4 Kh8 28. Rc5 Rxc5 29. dxc5 Qc7 30. Kf1 Qxh2 31. Bxg7+ Kxg7 32. Qc3+ Kf7 33. Qb3+ Kf6 34. Qc3+ Qe5 35. Qxe5+ Kxe5 36. Ke2 h5 37. g3 Rd3 38. b5 Rb3 39. bxc6 bxc6 40. Rd1 Rd3 41. Rb1 Rd7 42. a5 g5 43. a6 h4 44. Rb7 Ke6 45. Rb6 Rd5 46. Rxc6+ Kd7 47. Rh6 Rxc5 48. gxh4 gxh4 49. Rxh4 Kc6 50. Kf1 Kb6 51. Rh6+ Rc6 52. Rh5 Rf6 53. Kg2 Kxa6 54. Kg3 Kb5 55. Rh7 a5 56. Rb7+ Rb6 57. Rf7 Kb4 58. Rxf5 Rb5 59. Rf4 Re5 60. f3 a4 61. fxe4 a3 62. Rf2 Rxe4 63. Kf3 Re7 64. Rh2 Kb3 65. Rh6 Rb7 66. Kf4 a2 67. Ra6 Rb4+ 68. Kf5 Ra4 69. Rxa4 Kxa4 70. e4 a1Q 71. e5 Qf1+ 72. Kg6 Qg2+ 73. Kf7 Qf3+ 74. Ke7 Kb5 75. e6 Kc6 76. Ke8 Kd6 77. e7 Qe4 78. Kf7 Qxe7+ 79. Kg6 Qf8 80. Kh7 Ke6 81. Kg6 Qg8+ 82. Kh5 Kf5 83. Kh6 Qg6# 0-1

[Event "Gibraltar U12 op"]
[Site "Caleta"]
[Date "2019.08.18"]
[Round "5"]
[White "Gaspar Lopez, Daniel1"]
[Black "Mena Lorente, Luis"]
[Result "1/2-1/2"]
[WhiteElo "1346"]
[BlackElo "1483"]
[PlyCount "33"]
[EventDate "2019.08.16"]
[EventType "swiss"]
[EventRounds "6"]
[EventCountry "GGB"]
[SourceTitle "CBM 195 Extra"]
[Source "ChessBase"]
[SourceDate "2020.05.31"]
[SourceVersion "1"]
[SourceVersionDate "2020.05.31"]
[SourceQuality "1"]

1. e4 c5 2. Nf3 g6 3. d4 cxd4 4. Nxd4 Nf6 5. Nc3 d6 6. Be3 Bg7 7. f3 0-0 8. Bc4 Nc6 9. Qd2 Re8 10. h4 a6 11. g4 Nd7 12. h5 Nxd4 13. Bxd4 Bxd4 14. Qxd4 Qb6 15. Bxf7+ Kxf7 16. hxg6+ Kxg6 17. Qd2 1/2-1/2

[Event "Andalucia-chB"]
[Site "Algeciras"]
[Date "2018.05.20"]
[Round "6"]
[White "Mena Lorente, Luis"]
[Black "Navarrete Alvarez, David"]
[Result "1/2-1/2"]
[WhiteElo "1301"]
[BlackElo "1568"]
[PlyCount "93"]
[EventDate "2018.05.18"]
[EventType "swiss"]
[EventRounds "6"]
[EventCountry "ESP"]
[SourceTitle "EXT 2020"]
[Source "ChessBase"]
[SourceDate "2019.10.17"]
[SourceVersion "1"]
[SourceVersionDate "2019.10.17"]
[SourceQuality "1"]

1. g3 d5 2. Bg2 e6 3. Nf3 c5 4. d3 Nf6 5. 0-0 Be7 6. c4 d4 7. e3 Nc6 8. Re1 Qc7 9. b3 0-0 10. Bb2 e5 11. Nbd2 Re8 12. Qc2 Bf5 13. e4 Bg4 14. h3 Be6 15. a3 h6 16. Re2 Nh5 17. Rb1 Qd7 18. Kh2 Nf6 19. Qc1 Nh7 20. Ba1 Ng5 21. Ng1 a5 22. Qf1 Bd6 23. f4 exf4 24. gxf4 Qc7 25. e5 Nxe5 26. fxe5 Bxe5+ 27. Kh1 f6 28. Ndf3 Nf7 29. Nxe5 Nxe5 30. Bb2 Nxd3 31. Rxe6 Rxe6 32. Qxd3 Re3 33. Qg6 Rg3 34. Qe4 Rxb3 35. Bc1 Rc3 36. Qxb7 Qxb7 37. Bxb7 Ra7 38. Bg2 Kf8 39. Bf4 Ke7 40. Bb8 Rd7 41. Bc6 Rd8 42. Bc7 Rc8 43. Rb7 Rxc7 44. Rxc7+ Kd6 45. Rc8 d3 46. Bb5 Rxa3 47. Ra8 1/2-1/2

[Event "Andalucia-chB"]
[Site "Algeciras"]
[Date "2018.05.19"]
[Round "4"]
[White "Mena Lorente, Luis"]
[Black "Jimenez Urquijo, Juan Manuel"]
[Result "0-1"]
[WhiteElo "1301"]
[BlackElo "1542"]
[PlyCount "59"]
[EventDate "2018.05.18"]
[EventType "swiss"]
[EventRounds "6"]
[EventCountry "ESP"]
[SourceTitle "EXT 2020"]
[Source "ChessBase"]
[SourceDate "2019.10.17"]
[SourceVersion "1"]
[SourceVersionDate "2019.10.17"]
[SourceQuality "1"]

1. g3 Nf6 2. Bg2 d5 3. Nf3 Bf5 4. d3 h6 5. c4 dxc4 6. dxc4 Qxd1+ 7. Kxd1 Nc6 8. Bf4 0-0-0+ 9. Ke1 Nd4 10. Nxd4 Rxd4 11. Nc3 Rxc4 12. Nb5 a6 13. Nxc7 Rxc7 14. Bxc7 Kxc7 15. Rc1+ Kb8 16. h4 e6 17. f3 Bb4+ 18. Kf2 Bd2 19. Rcd1 Rd8 20. e4 Bh7 21. b4 Rd4 22. Ke2 Bc3 23. Rxd4 Bxd4 24. Rd1 e5 25. Bh3 Nh5 26. Rc1 Nxg3+ 27. Kd1 f5 28. exf5 Bxf5 29. Bxf5 Nxf5 30. Rc2 0-1

[Event "Andalucia-chB"]
[Site "Algeciras"]
[Date "2018.05.18"]
[Round "1"]
[White "Villanueva Ruiz Mateo, Juan Manuel"]
[Black "Mena Lorente, Luis"]
[Result "1-0"]
[WhiteElo "1612"]
[BlackElo "1301"]
[PlyCount "137"]
[EventDate "2018.05.18"]
[EventType "swiss"]
[EventRounds "6"]
[EventCountry "ESP"]
[SourceTitle "EXT 2020"]
[Source "ChessBase"]
[SourceDate "2019.10.17"]
[SourceVersion "1"]
[SourceVersionDate "2019.10.17"]
[SourceQuality "1"]

1. d4 c5 2. c3 Nf6 3. Nf3 b6 4. e3 Bb7 5. Bd3 g6 6. Nbd2 Bg7 7. 0-0 d5 8. Re1 0-0 9. e4 dxe4 10. Nxe4 Nxe4 11. Bxe4 Bxe4 12. Rxe4 Qd5 13. Rxe7 Nc6 14. Re2 cxd4 15. Nxd4 Nxd4 16. cxd4 Qxd4 17. Qxd4 Bxd4 18. Be3 Rfe8 19. Rae1 Bxe3 20. Rxe3 Rxe3 21. Rxe3 Rd8 22. Kf1 Rd2 23. Re2 Rd1+ 24. Re1 Rd2 25. Re2 Rd4 26. Rc2 a5 27. a3 Rd5 28. Ke2 f5 29. h3 h6 30. Rc3 Kf7 31. b3 g5 32. a4 Rd6 33. g3 Kf6 34. Rc4 Kg6 35. Ke3 Kf7 36. h4 Re6+ 37. Kd3 Rd6+ 38. Ke3 Rd1 39. hxg5 hxg5 40. Rc6 Re1+ 41. Kd2 Re6 42. Rc4 g4 43. Rd4 Ke7 44. Rd3 Rd6 45. Ke3 Rxd3+ 46. Kxd3 Kd6 47. Kd4 Ke6 48. Ke3 Ke5 49. Kd3 f4 50. Ke2 f3+ 51. Ke3 Kf5 52. Kd4 Kg5 53. Ke5 Kg6 54. Kf4 Kf6 55. Kxg4 Ke5 56. Kxf3 Kd4 57. g4 Kc3 58. g5 Kxb3 59. g6 Kxa4 60. g7 b5 61. g8Q b4 62. Qa2+ Kb5 63. Ke4 a4 64. Kd5 b3 65. Qa3 Ka6 66. Qxa4+ Kb7 67. Qb4+ Ka8 68. Qxb3 Ka7 69. Kc6 1-0